Представление документа в формате MARC21

ПолеНазваниеЗначение
  Тип записи a
  Библиографический уровень m
001 Контрольный номер RU/URAIT/583988
005 Дата корректировки 20260429163607.7
008 Кодируемые данные 260429s2026 RU y f j 000 0 rus u
020 Индекс ISBN __
a ISBN 978-5-534-00467-0
c Цена, тираж 1709.00
040 Источник каталогиз. __
a Служба первич. каталог. ИКО Юрайт
c Служба, преобразующая запись ИКО Юрайт
e Правила каталог. RCR
041 Код языка издания __
a Код языка текста rus
044 Код страны публикации __
a Код страны публикации RU
080 Индекс УДК __
a Индекс УДК 36(075.32)
084 Индекс другой классификации/Индекс ББК __
2 Источник индекса rubbk
a Индекс другой классификации/Индекс ББК 65.272я723
100 Автор __
a Автор Холостова Е. И.
q Полное имя Холостова Евдокия Ивановна
245 Заглавие __
a Заглавие Менеджмент в социальной работе
b Продолж. заглавия учебник для спо
c Ответственность Е. И. Холостова [и др.] ; ответственные редакторы Е. И. Холостова, Е. И. Комаров, О. Г. Прохорова.
250 Сведения об издании __
a Основные сведения об издании 2-е изд.
256 Характеристики компьютерного файла __
a Характеристики компьютерного файла Электрон. дан.
260 Выходные данные __
a Место издания Москва
b Издательство Юрайт
c Дата издания 2026
300 Физическое описание __
a Объем 319 с
440 Серия __
a Серия Профессиональное образование
500 Примечания __
a Примечание URL: https://urait.ru/bcode/583988 (дата обращения: 29.04.2026).
520 Аннотация __
a Аннотация Учебник подготовлен специалистами Института переподготовки и повышения квалификации руководящих кадров и специалистов системы социальной защиты населения города Москвы (ИПК ДСЗН). Книга содержит материал по основным проблемам организации, управления и администрирования в социальной работе. Из большого объема и разнообразных теоретических и практических проблем этих «трех китов» выделены такие, освоение которых позволит не только «навести порядок» в собственном познавательном багаже пользователя, но и более эффективно анализировать практические проблемы.
538 Прим. о системных особенностях __
a Прим. о системных особенностях Режим доступа: Электронно-библиотечная система Юрайт, для авториз. пользователей
653 Ключевые слова __
a Ключевые слова Социальная работа
653 Ключевые слова __
a Ключевые слова Педагогика, психология, социальная работа
653 Ключевые слова __
a Ключевые слова Теория и практика управления в социальной работе
653 Ключевые слова __
a Ключевые слова Управление в социальной работе
653 Ключевые слова __
a Ключевые слова Менеджмент в социальной работе
653 Ключевые слова __
a Ключевые слова Технологии управления в социальной работе
653 Ключевые слова __
a Ключевые слова Управление социальной работой на предприятии
653 Ключевые слова __
a Ключевые слова Управление и коммуникации в социальной работе
700 Другие авторы __
a Другие авторы Анисимова С. А.
q Полное имя Анисимова Светлана Александровна
700 Другие авторы __
a Другие авторы Байдарова О. И.
q Полное имя Байдарова Ольга Ивановна
700 Другие авторы __
a Другие авторы Дашкина А. Н.
q Полное имя Дашкина Антонина Николаевна
700 Другие авторы __
a Другие авторы Коржинек Т. А.
q Полное имя Коржинек Татьяна Андреевна
700 Другие авторы __
a Другие авторы Лебедева Н. В.
q Полное имя Лебедева Наталья Васильевна
700 Другие авторы __
a Другие авторы Лесникова С. Г.
q Полное имя Лесникова Светлана Геннадьевна
700 Другие авторы __
a Другие авторы Липский И. А.
q Полное имя Липский Игорь Адамович
700 Другие авторы __
a Другие авторы Маяцкая И. Н.
q Полное имя Маяцкая Ирина Николевна
700 Другие авторы __
a Другие авторы Натахина В. В.
q Полное имя Натахина Вера Викторовна
700 Другие авторы __
a Другие авторы Сорокина Е. Г.
q Полное имя Сорокина Евгения Григорьевна
700 Другие авторы __
a Другие авторы Стрельникова Н. Н.
q Полное имя Стрельникова Нина Никитична
700 Другие авторы __
a Другие авторы Сучкова А. И.
q Полное имя Сучкова Алла Ивановна
700 Другие авторы __
a Другие авторы Хухлина В. В.
q Полное имя Хухлина Валентина Владимировна
700 Другие авторы __
a Другие авторы Черняк Е. М.
q Полное имя Черняк Евгения Михайловна
700 Другие авторы __
a Другие авторы Шеляг Т. В.
q Полное имя Шеляг Татьяна Васильевна
700 Другие авторы __
a Другие авторы Шинина Т. В.
q Полное имя Шинина Татьяна Валерьевна
700 Другие авторы __
a Другие авторы Комаров Е. И.
q Полное имя Комаров Евгений Иванович
4 Код отношения 340
700 Другие авторы __
a Другие авторы Прохорова О. Г.
q Полное имя Прохорова Оксана Германовна
4 Код отношения 340
856 Электронный адрес документа 40
n Местонахождение сервера Юрайт
g Электронная книга
q Тип электронного формата html
h Имя пользователя ЮРАЙТ
v Часы доступа к ресурсу 20271231
2 Способ доступа Показать документ
x Служебное примечание https://urait.ru/book/cover/26452FA4-7FFB-4A44-83A4-AEA7A862E5FB
u URL https://urait.ru/bcode/583988
856 Электронный адрес документа 48
q Тип электронного формата cover
u URL https://urait.ru/book/cover/26452FA4-7FFB-4A44-83A4-AEA7A862E5FB
911 __
u 0030=https://urait.ru/bcode/583988
911 __
u 073a=9785534004670
u 073d=1709.00
911 __
u 106a=s
911 __
u 900l=
952 Тип литературы __
i Дисциплина Теория и практика управления в социальной работе
952 Тип литературы __
i Дисциплина Управление в социальной работе
952 Тип литературы __
i Дисциплина Менеджмент в социальной работе
952 Тип литературы __
i Дисциплина Технологии управления в социальной работе
952 Тип литературы __
i Дисциплина Управление социальной работой на предприятии
952 Тип литературы __
i Дисциплина Управление и коммуникации в социальной работе